000 00539nam a22001457a 4500
999 _c521955
_d521955
008 230306b ||||| |||| 00| 0 eng d
100 _aLal, Bharat
_938208
245 _aNurturing excellence of our Yova Shakti
260 _aYojana
300 _a 67(2), Feb, 2023: p.11-14
520 _aThis Rig Vedic phrase reminds us that it is the youth who pave the way for a better would. With India’s median age today being 29 years , we are witnessing a youth bulge. – Reproduced
773 _aYojana
906 _aYOUTH
942 _cAR